[Event "ZMDI Open 2014"]
[Site "Dresden GER"]
[Date "2014.08.17"]
[Round "3.6"]
[White "Osmanodja, Filiz"]
[Black "Belezky, Alexander"]
[Result "0-1"]
[WhiteTitle "WIM"]
[BlackTitle "IM"]
[WhiteElo "2295"]
[BlackElo "2454"]
[WhiteFideId "24633569"]
[BlackFideId "14105411"]
[EventDate "2014.08.15"]

1. e4 g6 2. d4 Bg7 3. Nc3 d6 4. Bg5 Nd7 5. Qd2 c5 6. Nf3 a6 7. O-O-O cxd4 8.
Nxd4 b5 9. f4 Bb7 10. Be2 Qa5 11. Kb1 Rc8 12. Bg4 Rxc3 13. Bxd7+ Kxd7 14. bxc3
Bxe4 15. Nb3 Qc7 16. Qe3 Bxg2 17. Rhg1 Bb7 18. Qa7 Kc8 19. Rg3 Nf6 20. Bxf6 Bxf6
21. Nd4 Kd7 22. Nb3 Ra8 23. Qe3 Rc8 24. Nd4 Bd5 25. f5 b4 26. Nb3 Bxb3 27. cxb3
bxc3 28. Kc2 Qa5 0-1

[Event "ZMDI Open 2014"]
[Site "Dresden GER"]
[Date "2014.08.17"]
[Round "3.7"]
[White "Arnaudov, G. Petar"]
[Black "Braeuer, Franz"]
[Result "1-0"]
[WhiteTitle "GM"]
[WhiteElo "2429"]
[BlackElo "2317"]
[WhiteFideId "2907127"]
[BlackFideId "24634468"]
[EventDate "2014.08.15"]

1. Nf3 Nf6 2. c4 g6 3. Nc3 Bg7 4. e4 d6 5. d4 O-O 6. h3 e5 7. d5 a5 8. g4 Na6 9.
Be3 Bd7 10. Be2 Qb8 11. Nd2 c6 12. g5 Ne8 13. h4 Nc5 14. h5 Nc7 15. Bxc5 dxc5
16. Bg4 Bxg4 17. Qxg4 b5 18. O-O-O bxc4 19. Nxc4 a4 20. dxc6 Qb4 21. Na3 Rab8
22. Qe2 Rfe8 23. hxg6 hxg6 24. Rd7 Ne6 25. c7 Nf4 26. Qc4 Qxb2+ 27. Kd1 Ne6 28.
cxb8=Q Rxb8 29. Nc2 Rb4 30. Nxb4 cxb4 31. Ne2 1-0

[Event "ZMDI Open 2014"]
[Site "Dresden GER"]
[Date "2014.08.17"]
[Round "3.8"]
[White "Viebahn, Dirk"]
[Black "Sundararajan, Kidambi"]
[Result "1/2-1/2"]
[BlackTitle "GM"]
[WhiteElo "2163"]
[BlackElo "2424"]
[WhiteFideId "4660790"]
[BlackFideId "5005370"]
[EventDate "2014.08.15"]

1. e4 c6 2. d4 d5 3. Nc3 dxe4 4. Nxe4 Nd7 5. Bc4 Ngf6 6. Ng5 e6 7. Qe2 Nb6 8.
Bd3 h6 9. N5f3 c5 10. dxc5 Bxc5 11. Ne5 Nbd7 12. Ngf3 Qc7 13. O-O Bd6 14. Re1
O-O 15. c4 b6 16. b3 Bb7 17. Bb2 Nxe5 18. Nxe5 Rad8 19. Rad1 Rfe8 20. h3 Bb4 21.
Rf1 Bc5 22. Bc2 Ba8 23. Rxd8 Rxd8 24. Rd1 Rxd1+ 25. Qxd1 Kf8 26. Bd4 Ke7 27. Qd2
Qd6 28. Bxc5 Qxc5 29. Nd3 Qd6 30. Qc3 Be4 31. b4 Bxd3 32. Bxd3 Nd7 33. Bf1 g5
34. Qa3 h5 35. Qa4 g4 36. hxg4 hxg4 37. Qb3 Qd4 38. a4 Nf6 39. Qd3 Qxd3 40. Bxd3
Nd7 41. Kf1 Ne5 42. Ke2 Nc6 43. c5 Nxb4 44. cxb6 axb6 45. Be4 Kd6 46. g3 Kc5 47.
Bh7 Kd6 48. Be4 Nd5 49. Kd3 f5 50. Bh1 Kc5 51. f3 gxf3 52. Bxf3 e5 53. Bh5 e4+
54. Ke2 Kd4 55. Be8 Nc3+ 56. Ke1 Ke5 57. Kd2 Nd5 58. Ke2 Nc7 59. Bd7 Ne6 60. Ke3
Ng7 61. Bc8 Nh5 62. Bxf5 Nxg3 63. Bh7 Nf5+ 64. Kf2 Ne7 65. Ke3 Nd5+ 66. Kd2 Kd4
67. Bg6 Nc3 68. Be8 e3+ 69. Ke1 Kd3 70. Bg6+ Ne4 71. Bf5 Kd4 72. Bd7 Nc5 73. Be8
Nd3+ 74. Ke2 Nf4+ 75. Ke1 Kd3 76. Bb5+ Kc3 77. Be8 Kc2 78. Bd7 Kb3 79. Be8 Kb4
80. Bd7 Kc5 81. Be8 Kd6 82. Kf1 Kd5 83. Ke1 Kd4 84. Bd7 Nd3+ 85. Ke2 Nc5 86. Be8
Ke4 87. Bc6+ Kf4 88. Be8 Ne6 89. Ke1 Nd4 90. Bf7 Ke4 91. Bg6+ Kd5 92. Bf7+ Kc5
93. Be8 Kb4 94. Bd7 Kb3 95. Be8 Kc3 96. Bg6 Ne6 97. Be8 Nf4 98. Bd7 Kd4 99. Be8
Nd5 100. Bd7 Nc3 101. Be8 Ke4 102. Bg6+ Kf4 103. Be8 Kg3 104. Bc6 Kf4 105. Be8
e2 106. Kd2 Kf3 107. Bh5+ Kf2 108. Bxe2 Nxe2 109. Kd3 Kf3 110. Kc4 Ke4 111. Kb5
Nc3+ 112. Kxb6 Nxa4+ 1/2-1/2

[Event "ZMDI Open 2014"]
[Site "Dresden GER"]
[Date "2014.08.17"]
[Round "3.9"]
[White "Maksimenko, Andrei"]
[Black "Vogel, Jaap"]
[Result "1-0"]
[WhiteTitle "GM"]
[BlackTitle "FM"]
[WhiteElo "2506"]
[BlackElo "2224"]
[WhiteFideId "14100584"]
[BlackFideId "1000764"]
[EventDate "2014.08.15"]

1. c4 e6 2. g3 f5 3. Bg2 Nf6 4. Nf3 c6 5. O-O d5 6. d3 Bc5 7. Qc2 Nbd7 8. Nc3
O-O 9. e4 dxe4 10. dxe4 Ng4 11. Bg5 Be7 12. Bxe7 Qxe7 13. exf5 exf5 14. Rfe1 Qf6
15. Rad1 f4 16. Ne4 Qf5 17. h3 Nge5 18. g4 Nxf3+ 19. Bxf3 Qg6 20. Rd6 Ne5 21.
Rxg6 Nxf3+ 22. Kf1 hxg6 23. Rd1 Be6 24. Qc3 Nh4 25. f3 Rad8 26. Rxd8 Rxd8 27.
Kf2 1-0

[Event "ZMDI Open 2014"]
[Site "Dresden GER"]
[Date "2014.08.17"]
[Round "3.10"]
[White "Schuetze, Norman"]
[Black "Fodor, Tamas Jr."]
[Result "0-1"]
[BlackTitle "GM"]
[WhiteElo "2284"]
[BlackElo "2481"]
[WhiteFideId "4659406"]
[BlackFideId "723762"]
[EventDate "2014.08.15"]

1. e4 e5 2. Nf3 Nc6 3. d4 exd4 4. Nxd4 Bc5 5. Nxc6 Qf6 6. Qf3 bxc6 7. Bc4 d6 8.
Nd2 Be6 9. Bxe6 fxe6 10. Nb3 Qxf3 11. gxf3 Bb6 12. Rg1 Kf7 13. Be3 Nf6 14. c4
Bxe3 15. fxe3 Rhb8 16. O-O-O Rb4 17. c5 d5 18. Kb1 dxe4 19. Nd4 exf3 20. a3 Rc4
21. Nxf3 Rxc5 22. Ng5+ Ke7 23. Nxh7 Ne8 24. Ng5 Rb8 25. e4 Rb3 26. Rdf1 Nd6 27.
Nf3 Nxe4 28. Rxg7+ Kd6 29. Rg2 Rd3 30. Re2 Rf5 31. Rxe4 Rfxf3 32. Rfe1 Rf6 33.
R1e2 Rh6 34. Kc2 Rd5 35. Rg4 c5 36. Ra4 Rdh5 37. Rd2+ Kc6 38. Rxa7 Rxh2 39. Ra6+
Kb5 40. Ra8 Rxd2+ 41. Kxd2 Kc4 42. Rb8 e5 43. b3+ Kd4 44. Rd8+ Rd6 45. Rc8 Rd7
46. Re8 c4 47. b4 c3+ 48. Kc2 Kc4 49. Rxe5 Rd2+ 50. Kc1 Kb3 0-1

[Event "ZMDI Open 2014"]
[Site "Dresden GER"]
[Date "2014.08.17"]
[Round "3.11"]
[White "Maiwald, Jens-Uwe"]
[Black "Stigar, Petter"]
[Result "1-0"]
[WhiteTitle "GM"]
[BlackTitle "FM"]
[WhiteElo "2475"]
[BlackElo "2228"]
[WhiteFideId "4612396"]
[BlackFideId "1500341"]
[EventDate "2014.08.15"]

1. e4 e5 2. Bc4 Nc6 3. Nf3 Bc5 4. c3 Nf6 5. d3 a6 6. O-O d6 7. Bb3 Ba7 8. Nbd2
O-O 9. Re1 h6 10. Nf1 Re8 11. Ng3 Be6 12. Bxe6 Rxe6 13. d4 d5 14. Nxe5 Nxe5 15.
dxe5 Nxe4 16. Nxe4 dxe4 17. Bf4 g5 18. Qg4 h5 19. Qg3 Rg6 20. Be3 Bxe3 21. Qxe3
Qd5 22. Qxe4 Rd8 23. Qe2 Re8 24. c4 Qc5 25. Rad1 g4 26. Qe4 Qb4 27. b3 h4 28. g3
h3 29. Qf5 Qc3 30. Re3 Qb2 31. e6 1-0

[Event "ZMDI Open 2014"]
[Site "Dresden GER"]
[Date "2014.08.17"]
[Round "3.12"]
[White "Izsak, Gyula"]
[Black "Karasik, Evgeni"]
[Result "1-0"]
[WhiteTitle "IM"]
[WhiteElo "2444"]
[BlackElo "2221"]
[WhiteFideId "702234"]
[BlackFideId "2803941"]
[EventDate "2014.08.15"]

1. Nf3 c5 2. c4 Nc6 3. d4 cxd4 4. Nxd4 f5 5. Nc3 g6 6. e4 fxe4 7. Nxe4 Qa5+ 8.
Nc3 Bg7 9. Be3 Nf6 10. Nb3 Qe5 11. Nd2 d6 12. Be2 O-O 13. Nf3 Qa5 14. O-O Ng4
15. Bd2 Qf5 16. h3 Nge5 17. Be3 Kh8 18. Re1 Be6 19. b3 a6 20. Qd2 Rad8 21. Ng5
Bg8 22. f4 Nd7 23. Nd5 Nf6 24. Bf3 Qd7 25. b4 h6 26. Ne4 Nxe4 27. Bxe4 e6 28.
Nb6 Qf7 29. b5 Nb8 30. Bd4 d5 31. cxd5 exd5 32. Bxg7+ Kxg7 33. Nxd5 Rxd5 34.
Bxd5 Qxd5 35. Re7+ 1-0

[Event "ZMDI Open 2014"]
[Site "Dresden GER"]
[Date "2014.08.17"]
[Round "3.13"]
[White "Langheinrich, Ferenc"]
[Black "Syperek, Sebastian"]
[Result "0-1"]
[WhiteElo "2439"]
[BlackElo "2198"]
[WhiteFideId "4641973"]
[BlackFideId "4645758"]
[EventDate "2014.08.15"]

1. Nf3 Nf6 2. c4 g6 3. b4 Bg7 4. Bb2 O-O 5. e3 d6 6. Be2 Nbd7 7. O-O e5 8. d3
Qe7 9. Nc3 b6 10. Nd2 Bb7 11. Bf3 d5 12. cxd5 Qxb4 13. Qc2 Rfe8 14. Nc4 e4 15.
Ba3 exd3 16. Qxd3 Ne5 17. Nxe5 Qxa3 18. Nc4 Qc5 19. Rac1 Rad8 20. Rfd1 Ba6 21.
Ne4 Nxe4 22. Bxe4 c6 23. d6 Rd7 24. Bf3 Red8 25. Qb3 Bxc4 26. Rxc4 Qe5 27. Rxc6
Rxd6 28. Rcxd6 Rxd6 29. Bd5 Rd7 30. g3 Bf8 31. Kg2 Bc5 32. a4 Kg7 33. e4 Rc7 34.
f4 Qe7 35. e5 a5 36. Qf3 Bb4 37. Qe4 Qc5 38. Bb3 Re7 39. h4 Qc3 40. Rd3 Qb2+ 41.
Kh3 Qf2 42. Rd1 Qb2 43. Rb1 Qc3 44. h5 Qc8+ 45. Kg2 Qg4 46. hxg6 hxg6 47. e6 f6
48. Rc1 Bc5 49. Rd1 Qh5 50. Rd8 Bb4 51. Bd1 Qc5 52. Qa8 Kh6 53. Rd5 Qc3 54. Rd7
Rxd7 0-1

[Event "ZMDI Open 2014"]
[Site "Dresden GER"]
[Date "2014.08.17"]
[Round "3.15"]
[White "Fogarasi, Tibor"]
[Black "Loewe, Lennard"]
[Result "1/2-1/2"]
[WhiteTitle "GM"]
[WhiteElo "2392"]
[BlackElo "2216"]
[WhiteFideId "700363"]
[BlackFideId "24653268"]
[EventDate "2014.08.15"]

1. e4 c6 2. d4 d5 3. e5 Bf5 4. c4 e6 5. Nc3 Ne7 6. Nge2 dxc4 7. Ng3 b5 8. a4 b4
9. Nce4 Bxe4 10. Nxe4 Nf5 11. Be3 Qd5 12. Ng3 Nxe3 13. fxe3 c3 14. bxc3 bxc3 15.
Qc2 Nd7 16. Rb1 a5 17. Bd3 Bb4 18. O-O Rd8 19. Nh5 Nxe5 20. Be4 Qc4 21. Nxg7+
Ke7 22. Qf2 f5 23. Bxf5 exf5 24. Nxf5+ Kd7 25. dxe5 Kc7 26. Nd4 Rdf8 27. Qc2 Qd5
28. Rxf8 Rxf8 29. Qxh7+ Kb6 30. e6 Qe5 31. Qd3 Rh8 32. h3 Rg8 33. Rc1 Qd5 34.
Qe2 Rg3 35. Qf2 Qe5 36. e7 Rxe3 37. Nc2 Bc5 38. Nxe3 Bxe3 39. Re1 Bxf2+ 40. Kxf2
Qc5+ 41. Kf1 c2 42. e8=Q c1=Q 43. Qb8+ Ka6 44. Qa8+ Kb6 45. Qb8+ Ka6 46. Qa8+ 1/2-1/2

[Event "ZMDI Open 2014"]
[Site "Dresden GER"]
[Date "2014.08.17"]
[Round "3.16"]
[White "Enchev, Ivajlo"]
[Black "Bohn, Ulrich"]
[Result "1/2-1/2"]
[WhiteTitle "IM"]
[WhiteElo "2393"]
[BlackElo "2167"]
[WhiteFideId "2907712"]
[BlackFideId "4656105"]
[EventDate "2014.08.15"]

1. d4 Nf6 2. c4 c5 3. d5 b5 4. cxb5 a6 5. b6 e6 6. Nc3 Nxd5 7. Nxd5 exd5 8. Qxd5
Nc6 9. e4 Be7 10. Bc4 O-O 11. Nf3 Rb8 12. O-O Rxb6 13. b3 Na5 14. Be2 Bb7 15.
Qd2 Re6 16. e5 d5 17. exd6 Bf6 18. Bb2 Bxb2 19. Qxb2 Rfe8 20. Bd1 Qxd6 21. Qc3
Nc6 22. Rc1 Nb4 23. Qxc5 Qxc5 24. Rxc5 Nxa2 25. Rc7 Rb6 26. Re1 Rxe1+ 27. Nxe1
g6 28. Be2 Bd5 29. Ra7 Rxb3 30. Rxa6 Rb1 31. Kf1 Nc3 32. Bd3 Bxg2+ 33. Kxg2 Rxe1
34. Rc6 Nd5 35. Bc4 Nf4+ 36. Kf3 Ne6 37. Bxe6 Rxe6 38. Rc7 h5 39. Kg3 g5 40. h4
f6 41. hxg5 fxg5 42. Rc5 Rg6 43. f4 1/2-1/2

[Event "ZMDI Open 2014"]
[Site "Dresden GER"]
[Date "2014.08.17"]
[Round "3.17"]
[White "Hocke, Sebastian"]
[Black "Neef, Maximilian"]
[Result "0-1"]
[BlackTitle "FM"]
[WhiteElo "2000"]
[BlackElo "2331"]
[WhiteFideId "24678724"]
[BlackFideId "24692085"]
[EventDate "2014.08.15"]

1. e4 e6 2. d4 d5 3. Nc3 Nf6 4. e5 Nfd7 5. f4 c5 6. Nf3 Nc6 7. Be3 Be7 8. Qd2 a6
9. a3 O-O 10. O-O-O c4 11. h4 b5 12. Na2 a5 13. c3 b4 14. axb4 axb4 15. Nxb4
Nxb4 16. cxb4 Qb6 0-1

[Event "ZMDI Open 2014"]
[Site "Dresden GER"]
[Date "2014.08.17"]
[Round "3.18"]
[White "Mueller, Fabian"]
[Black "Hansch, Karsten"]
[Result "1-0"]
[WhiteTitle "FM"]
[WhiteElo "2324"]
[BlackElo "2181"]
[WhiteFideId "4664060"]
[BlackFideId "24692239"]
[EventDate "2014.08.15"]

1. d4 Nf6 2. c4 c5 3. Nf3 cxd4 4. Nxd4 e5 5. Nb5 d5 6. cxd5 Bc5 7. e3 O-O 8.
N5c3 a6 9. Be2 b5 10. O-O Bb7 11. e4 b4 12. Na4 Nxe4 13. Nxc5 Nxc5 14. Be3 Nbd7
15. a3 a5 16. Bb5 Rc8 17. axb4 axb4 18. Ra7 Nb6 19. d6 Bc6 20. Bxc6 Rxc6 21. Qf3
Qxd6 22. Rd1 Qg6 23. Rxf7 Rfc8 24. Ra7 e4 25. Qg3 Nd3 26. Qxg6 Rxg6 27. Bd4 Nc4
28. b3 Nd6 29. Ra6 Nb5 30. Rxg6 hxg6 31. Be3 Nc3 32. Rf1 Ra8 33. Nd2 Ra2 34. h4
Rb2 35. Ra1 Nc1 36. Ra8+ Kh7 37. Rb8 Nxb3 38. Nc4 Rb1+ 39. Kh2 Nd5 40. Ne5 Nxe3
41. fxe3 Nd2 42. Nf7 g5 43. h5 g6 44. h6 Nf1+ 45. Kh3 g4+ 46. Kh4 g5+ 47. Kxg5 1-0

[Event "ZMDI Open 2014"]
[Site "Dresden GER"]
[Date "2014.08.17"]
[Round "3.19"]
[White "Teske, Henrik"]
[Black "Urban, Lars"]
[Result "1-0"]
[WhiteTitle "GM"]
[WhiteElo "2505"]
[BlackElo "2064"]
[WhiteFideId "4611500"]
[BlackFideId "4644034"]
[EventDate "2014.08.15"]

1. d4 d5 2. c4 e6 3. Nf3 Nf6 4. Nc3 Nbd7 5. cxd5 exd5 6. Bf4 Bb4 7. e3 Ne4 8.
Rc1 g5 9. Bg3 h5 10. h4 g4 11. Nd2 Bxc3 12. bxc3 Nxg3 13. fxg3 Qe7 14. Kf2 Nb6
15. Bd3 f5 16. c4 dxc4 17. Nxc4 Nxc4 18. Rxc4 Be6 19. Rc5 c6 20. Qc2 O-O 21. Rf1
Bd5 22. Bc4 Rae8 23. Bxd5+ cxd5 24. Qb3 Kg7 25. Rxd5 Kh6 26. Re5 Qd7 27. Rd1 Rf6
28. Qb5 Qxb5 29. Rxb5 Ra6 30. Rd2 Ra3 31. Re2 Kg6 32. Rxb7 Rc8 33. Reb2 Rcc3 34.
Re7 Rc1 35. e4 fxe4 36. Rxe4 Ra1 37. Re6+ Kf7 38. Ree2 a5 39. Rbd2 a4 40. d5 Rc3
41. d6 Rc8 42. Rd5 Rd8 43. d7 Kf8 44. Rf5+ Kg7 45. Re7+ 1-0

[Event "ZMDI Open 2014"]
[Site "Dresden GER"]
[Date "2014.08.17"]
[Round "3.20"]
[White "Dann, Matthias"]
[Black "Baskin, Robert"]
[Result "1/2-1/2"]
[WhiteTitle "IM"]
[WhiteElo "2464"]
[BlackElo "2152"]
[WhiteFideId "24638056"]
[BlackFideId "24662402"]
[EventDate "2014.08.15"]

1. c4 e5 2. e3 Nf6 3. Nc3 Bb4 4. Nge2 O-O 5. a3 Be7 6. d4 exd4 7. Nxd4 d5 8.
cxd5 Nxd5 9. Bd2 Nxc3 10. Bxc3 c5 11. Ne2 Bf6 12. Qc2 Bxc3+ 13. Nxc3 Be6 14. Bd3
h6 15. Bh7+ Kh8 16. Be4 Qb6 17. O-O Nd7 18. Nd5 Bxd5 19. Bxd5 Nf6 20. Bc4 Rad8
21. Rfd1 Kg8 22. e4 Qc7 23. f3 Rxd1+ 24. Rxd1 Rd8 25. g3 b6 26. Re1 Qe5 27. Re2
Qd4+ 28. Kg2 Rd7 29. e5 Nd5 30. e6 fxe6 31. Rxe6 Rf7 32. Re8+ Rf8 33. Qe4 Rxe8
34. Qxe8+ Kh7 35. Bxd5 Qxd5 36. Qe3 Qd7 37. g4 Qd1 38. Qe4+ Kh8 39. b4 cxb4 40.
axb4 a5 41. b5 a4 42. h4 a3 43. Qa8+ Kh7 44. Qxa3 Qe2+ 45. Kg3 Qxb5 46. Qc3 Qd7
47. h5 Qd6+ 48. f4 Qd1 49. Qe3 Qd6 50. Kf3 Qd1+ 51. Kg3 Qd6 52. Kh4 b5 53. g5
hxg5+ 54. fxg5 Qh2+ 55. Kg4 Qg2+ 56. Kf5 Qd5+ 57. Kf4 Qd6+ 58. Kf3 Qd1+ 59. Qe2
Qxe2+ 60. Kxe2 Kg8 61. Kd2 Kf7 62. Kc3 Ke6 63. Kb4 Kf5 64. h6 gxh6 65. gxh6 Kg6
66. Kxb5 Kxh6 1/2-1/2

[Event "ZMDI Open 2014"]
[Site "Dresden GER"]
[Date "2014.08.17"]
[Round "3.21"]
[White "Lipinsky, Markus"]
[Black "Farago, Ivan"]
[Result "0-1"]
[BlackTitle "GM"]
[WhiteElo "2142"]
[BlackElo "2443"]
[WhiteFideId "4639820"]
[BlackFideId "700134"]
[EventDate "2014.08.15"]

1. d4 Nf6 2. Nf3 e6 3. c4 b6 4. g3 Ba6 5. b3 d5 6. cxd5 exd5 7. Ne5 Bb4+ 8. Bd2
Bd6 9. Nc3 O-O 10. Bg2 Re8 11. Bf4 Bb4 12. Rc1 Ne4 13. Bxe4 dxe4 14. O-O f6 15.
Nc4 Nc6 16. d5 Ne7 17. d6 Bxc4 18. bxc4 cxd6 19. Nxe4 d5 20. Qb3 Ng6 21. Nxf6+
Qxf6 22. Qxb4 Nxf4 23. gxf4 Qxf4 24. Rc3 Rxe2 25. Rg3 Qxc4 26. Qd6 Rae8 27. Kh1
R2e6 28. Qd7 R6e7 29. Qh3 Qxf1+ 30. Qxf1 Re1 31. Kg2 Rxf1 32. Kxf1 Rc8 33. Ra3
Rc7 34. Ke2 Kf7 35. Kd2 Ke7 36. Re3+ Kd6 37. Re8 Rf7 38. Rd8+ Kc7 0-1

[Event "ZMDI Open 2014"]
[Site "Dresden GER"]
[Date "2014.08.17"]
[Round "3.22"]
[White "Buechmann, Ole"]
[Black "Pirrot, Dieter"]
[Result "1-0"]
[BlackTitle "IM"]
[WhiteElo "2117"]
[BlackElo "2389"]
[WhiteFideId "4675053"]
[BlackFideId "4601157"]
[EventDate "2014.08.15"]

1. c4 Nf6 2. g3 g6 3. Bg2 Bg7 4. Nc3 O-O 5. e4 d6 6. Nge2 c5 7. d3 Nc6 8. O-O a6
9. h3 Rb8 10. a4 Nb4 11. d4 cxd4 12. Nxd4 Nd7 13. Nd5 Nxd5 14. exd5 Qb6 15. Nc2
Qb3 16. Na3 Nc5 17. Qxb3 Nxb3 18. Ra2 Bd7 19. Bg5 Rfe8 20. Nb1 h6 21. Be3 Rec8
22. Ra3 Nd4 23. Bxd4 Bxd4 24. b3 b5 25. axb5 axb5 26. Nd2 Ra8 27. Rxa8 Rxa8 28.
Rd1 Bg7 29. cxb5 Bxb5 30. Bf1 Rb8 31. Nc4 Bd7 32. Na5 Kf8 33. Rc1 h5 34. Rc7 Ke8
35. Bc4 Rc8 36. Rb7 Bxh3 37. Bb5+ Kf8 38. Nc6 e6 39. Bc4 Bf6 40. b4 exd5 41.
Bxd5 Be6 42. Bxe6 fxe6 43. b5 d5 44. Ra7 Ke8 45. Kg2 g5 46. f4 gxf4 47. gxf4 h4
48. Kf3 Kf8 49. Kg4 Kg8 50. Kh5 d4 51. Kg6 Rf8 52. b6 h3 53. b7 h2 54. Ra8 Bd8
55. Rxd8 Rxd8 56. Nxd8 h1=Q 57. b8=Q Qh7+ 58. Kf6 Qf5+ 59. Ke7 Qf8+ 60. Kxe6 d3
61. Qa8 Qe8+ 62. Kf6 Qf8+ 63. Ke5 Qe8+ 64. Kf5 Qf8+ 65. Ke4 1-0

[Event "ZMDI Open 2014"]
[Site "Dresden GER"]
[Date "2014.08.17"]
[Round "3.23"]
[White "Schulz, Petra"]
[Black "Zwahr, Paul"]
[Result "0-1"]
[WhiteTitle "WFM"]
[BlackTitle "FM"]
[WhiteElo "2098"]
[BlackElo "2362"]
[WhiteFideId "4612663"]
[BlackFideId "24609749"]
[EventDate "2014.08.15"]

1. e4 c5 2. Nf3 e6 3. c3 d5 4. exd5 Qxd5 5. d4 Nf6 6. Be2 Nc6 7. Na3 Qd8 8. Nc2
Be7 9. O-O O-O 10. h3 b6 11. Bf4 Bb7 12. Bd3 cxd4 13. Ncxd4 Nxd4 14. Nxd4 Qd5
15. Qf3 Qxd4 16. Qxb7 Qxf4 17. Qxe7 Qd2 18. Ba6 Qxb2 19. c4 Rfe8 20. Qc7 Qa3 21.
Bb7 Rab8 22. Rfd1 Qe7 23. Qxe7 Rxe7 24. Bf3 Rc7 25. Be2 Ne4 26. Bf3 Kf8 27. g3
Ke7 28. Rd4 Nc5 29. Re1 Rd8 30. Rxd8 Kxd8 31. Re3 Rd7 32. Ra3 a6 33. Be2 Rd2 34.
Kf1 Kc7 35. Ke1 Rb2 36. f4 a5 37. g4 Na6 38. f5 exf5 39. gxf5 Nb4 40. Rg3 g6 41.
fxg6 fxg6 42. a4 Nc2+ 43. Kf1 Nd4 44. Bd1 Kd6 45. h4 Rh2 46. h5 Rh1+ 0-1

[Event "ZMDI Open 2014"]
[Site "Dresden GER"]
[Date "2014.08.17"]
[Round "3.24"]
[White "Vogel, Roven"]
[Black "Juergens, Klaus"]
[Result "1-0"]
[WhiteElo "2279"]
[BlackElo "2131"]
[WhiteFideId "12908088"]
[BlackFideId "4631714"]
[EventDate "2014.08.15"]

1. c4 g6 2. Nc3 Bg7 3. e4 c5 4. g3 Nc6 5. Bg2 d6 6. Nge2 e6 7. O-O Nge7 8. d3
O-O 9. Be3 Nd4 10. Rb1 Rb8 11. a3 Bd7 12. b4 b6 13. f4 Bc6 14. Bf2 Qd7 15. Qd2
d5 16. cxd5 Nxe2+ 17. Qxe2 Bxc3 18. dxc6 Nxc6 19. bxc5 Nd4 20. Qa2 bxc5 21. Qc4
Ne2+ 22. Kh1 Bd4 23. Bxd4 Qxd4 24. Qc2 Qe3 25. Rbe1 Nd4 26. Qxc5 Qxd3 27. Rd1
Qc2 28. Qxd4 Rb2 29. Rg1 Rc8 30. Qxa7 h5 31. Qe7 1-0

[Event "ZMDI Open 2014"]
[Site "Dresden GER"]
[Date "2014.08.17"]
[Round "3.25"]
[White "Martin, Julian"]
[Black "Roesemann, Rainer"]
[Result "1-0"]
[BlackTitle "FM"]
[WhiteElo "2052"]
[BlackElo "2255"]
[WhiteFideId "12941000"]
[BlackFideId "4610296"]
[EventDate "2014.08.15"]

1. e4 c6 2. d4 d5 3. e5 Bf5 4. Nf3 e6 5. Be2 c5 6. Be3 cxd4 7. Nxd4 Ne7 8. Nd2
Nbc6 9. N2f3 Bg6 10. O-O Nxd4 11. Nxd4 Nc6 12. Nxc6 bxc6 13. c4 a6 14. Qa4 Qd7
15. Rac1 Be7 16. Rfe1 O-O 17. cxd5 Qxd5 18. Bf3 Qxe5 19. Bxc6 Rac8 20. Bc5 Qf6
21. Bxe7 Qxe7 22. Qxa6 Qg5 23. Qb5 Qf6 24. Qe5 Qe7 25. a3 Rfd8 26. Bf3 h6 27. b4
Qa7 28. Qa5 Qxa5 29. bxa5 Rxc1 30. Rxc1 Rd4 31. Bc6 Be4 32. Bb5 Rd8 33. f3 Bd5
34. a6 Ra8 35. Rc7 g5 36. a4 Kg7 37. Kf2 h5 38. h3 Kg6 39. Ke3 f5 40. Kd4 h4 41.
Bf1 Kf6 42. Kc5 Ke5 43. a7 Kf4 44. Kb6 Kg3 45. Rc2 Bb3 46. Rc3 Bxa4 47. Kb7
Rxa7+ 48. Kxa7 Kf2 49. Bc4 Kxg2 50. Bxe6 Kxh3 51. Bxf5+ Kg3 52. Be4 h3 53. Rc5
Kh4 54. Rc4 h2 55. f4 Bb5 56. Rb4 Bd3 57. Bh1 g4 58. Rd4 Be2 59. Rd2 Bf3 60.
Rxh2+ Kg3 61. f5 Kxh2 62. f6 Bxh1 63. f7 g3 64. f8=Q Bg2 65. Qf4 Bh1 66. Kb6 Ba8
67. Qe5 Bf3 68. Kc5 Kh3 69. Qe3 Kg2 70. Kd4 Ba8 71. Qf4 Bf3 72. Ke3 Bb7 73. Qh4 1-0

[Event "ZMDI Open 2014"]
[Site "Dresden GER"]
[Date "2014.08.17"]
[Round "3.26"]
[White "Mueller, Michael1"]
[Black "Hansch, Torsten"]
[Result "1/2-1/2"]
[WhiteTitle "FM"]
[BlackTitle "CM"]
[WhiteElo "2246"]
[BlackElo "2117"]
[WhiteFideId "4622081"]
[BlackFideId "4622600"]
[EventDate "2014.08.15"]

1. d4 Nf6 2. Nf3 e6 3. Bf4 c5 4. e3 Be7 5. c3 O-O 6. Bd3 cxd4 7. exd4 b6 8. Qe2
Bb7 9. h3 Qc8 10. Nbd2 Ba6 11. c4 d5 12. b4 Nc6 13. O-O Nxb4 14. Bb1 dxc4 15.
Nxc4 Nbd5 16. Bd2 Rd8 17. a4 Bb4 18. Rc1 Bxd2 19. Qxd2 Qb7 20. Bd3 Rac8 21. a5
b5 22. Nce5 b4 23. Nc4 Nc3 24. Re1 Qc7 25. Re5 Rd5 26. Ne3 Rxe5 27. Bxa6 Rxe3
28. fxe3 Rd8 29. Bd3 Rd5 30. a6 Ra5 31. Qe1 Nfd5 32. Rxa5 Qxa5 33. Qh4 h6 34. e4
Qa1+ 35. Kh2 Qd1 36. exd5 Qxd3 37. d6 Qxa6 38. Qe7 Nd5 39. Qe8+ Kh7 40. d7 Qd6+
41. Ne5 Nf6 42. Qxf7 Qxd4 43. Qxe6 Qf4+ 44. Kg1 Qc1+ 45. Kh2 Qf4+ 46. Kh1 Qc1+ 1/2-1/2

[Event "ZMDI Open 2014"]
[Site "Dresden GER"]
[Date "2014.08.17"]
[Round "3.27"]
[White "Brendel, Bergit"]
[Black "Heck, Norbert"]
[Result "0-1"]
[WhiteTitle "WFM"]
[BlackTitle "FM"]
[WhiteElo "2057"]
[BlackElo "2239"]
[WhiteFideId "4608763"]
[BlackFideId "4622928"]
[EventDate "2014.08.15"]

1. e4 g6 2. d4 Bg7 3. Nc3 d6 4. Be3 a6 5. f4 b5 6. Nf3 Nd7 7. e5 Nb6 8. Bd3 Nh6
9. Qe2 O-O 10. O-O-O f6 11. Bf2 d5 12. Rdg1 Bg4 13. h3 Bxf3 14. gxf3 fxe5 15.
fxe5 Nf5 16. h4 Bh6+ 17. Kb1 Kh8 18. h5 g5 19. e6 Nc4 20. b3 Qd6 21. f4 gxf4 22.
Bxc4 bxc4 23. Na4 Ng3 24. Bxg3 fxg3 25. Nc5 Rf2 26. Qg4 Rg8 27. Qh4 Qf4 0-1

[Event "ZMDI Open 2014"]
[Site "Dresden GER"]
[Date "2014.08.17"]
[Round "3.28"]
[White "Barthel, Ansgar"]
[Black "Rudolf, Matthias"]
[Result "1-0"]
[WhiteElo "2216"]
[BlackElo "2092"]
[WhiteFideId "4643461"]
[BlackFideId "24609382"]
[EventDate "2014.08.15"]

1. e4 e6 2. d4 d5 3. Nc3 Nc6 4. Nf3 Nf6 5. e5 Ne4 6. Bd3 Bb4 7. Bd2 Nxd2 8. Qxd2
f6 9. a3 Bxc3 10. Qxc3 fxe5 11. dxe5 Bd7 12. O-O-O Qe7 13. h4 O-O-O 14. h5 h6
15. Kb1 Rhf8 16. Qe1 Qc5 17. Rh4 Be8 18. Qe2 Rd7 19. Rdh1 a6 20. Rg4 b5 21. c3
Nd8 22. a4 c6 23. Nd4 Qb6 24. axb5 axb5 25. Bg6 Ra7 26. Bxe8 Rxe8 27. Qe3 Ree7
28. Nf5 Ra1+ 29. Kxa1 Qa5+ 30. Kb1 exf5 31. Rg6 Ne6 32. Qf3 1-0